[Event "Tourn. n9972"]
[Site "www.echecsemail.com"]
[Date "2018.10.19"]
[Round "1"]
[White "Estonia"]
[Black "Raicolin"]
[WhiteElo "2000"]
[BlackElo "2130"]
[Result "0-1"]
[Round "1"]
1.d4 d5
2.Ng1f3 Ng8f6
3.c4 c6
4.e3 e6
5.Nb1c3 Nb8d7
6.Bf1d3 dxc4
7.Bd3xc4 b5
8.Bc4b3 b4
9.Nc3e2 Bc8b7
10.O-O Bf8d6
11.Bc1d2 O-O
12.Ra1c1 a5
13.Ne2g3 c5
14.dxc5 Nd7xc5
15.Bb3c2 Qd8e7
16.Bc2b1 Ra8c8
17.Qd1e2 Bb7a6
18.Qe2e1 Bd6xg3
19.hxg3 Nc5e4
20.Rc1xc8 Rf8xc8
21.Nf3e5 Qe7d6
22.Bb1xe4 Nf6xe4
23.Ne5f3 Ba6xf1
24.Kxf1 Qd6d3
25.Kg1 Rc8c2
26.Nf3e5 Qd3xd2
27.Qe1xd2 Rc2xd2
{ resign }
0-1

[Event "Tourn. n9964"]
[Site "www.echecsemail.com"]
[Date "2018.10.19"]
[Round "1"]
[White "Roque1"]
[Black "Bojan"]
[WhiteElo "1880"]
[BlackElo "1860"]
[Result "0-1"]
[Round "1"]
1.e4 e5
2.Ng1f3 d6
3.Bf1e2 h6
4.Nb1c3 c6
5.b3 Qd8f6
6.Bc1b2 Ng8e7
7.d4 Ne7g6
8.g3 Bc8h3
9.Rh1g1 Nb8d7
10.Qd1d3 Bf8e7
11.O-O-O Nd7b6
12.dxe5 dxe5
13.Rd1d2 Bh3e6
14.Rg1d1 O-O
15.h4 Be6g4
16.Nf3h2 Bg4h3
17.h5 Ng6h8
18.g4 Qf6xf2
19.Qd3xh3 Be7g5
20.Nh2f3 Bg5xd2
21.Rd1xd2 Qf2e3
22.Nc3d1 Qe3xe4
23.Nf3xe5 f6
24.Be2d3 Qe4f4
25.Ne5g6 Nh8xg6
26.Bd3xg6 Ra8d8
27.Qh3h2 Qf4g5
28.Qh2e2 Nb6d5
29.Kb1 Nd5f4
30.Qe2c4 Kh8
31.Rd2xd8 Rf8xd8
32.Nd1e3 Nf4xg6
33.Ne3f5 Rd8d1
34.Bb2c1 Qg5xc1

0-1

[Event "Tourn. n9920"]
[Site "www.echecsemail.com"]
[Date "2018.10.19"]
[Round "1"]
[White "Rav"]
[Black "Hansen"]
[WhiteElo "1499"]
[BlackElo "1570"]
[Result "0-1"]
[Round "1"]
1.e4 d5
2.exd5 Qd8xd5
3.Nb1c3 Qd5d4
4.Ng1f3 Qd4c5
5.d4 Qc5b6
6.Nf3e5 Ng8f6
7.Ne5c4 Qb6e6
8.Nc4e5 a6
9.Bf1c4 Qe6f5
10.Bc4xf7 Kd8
11.Bf7c4 Ke8
12.Bc4d3 Qf5e6
13.O-O b6
14.Rf1e1 Qe6d6
 { time }
0-1

[Event "Match"]
[Site "www.echecsemail.com"]
[Date "2018.10.19"]
[Round "1"]
[White "Ztornad"]
[Black "Gambitmiau"]
[WhiteElo "1780"]
[BlackElo "1920"]
[Result "1-0"]
[Round "1"]
1.e4 Nb8c6
2.g3 d5
3.Bf1g2 Ng8f6
4.f3 dxe4
5.fxe4 e5
6.Nb1c3 Nc6d4
7.h3 Bf8b4
8.Ng1f3 Bb4xc3
9.bxc3 Nf6xe4
10.cxd4 Ne4xg3
11.Rh1g1 exd4
12.d3 Qd8e7
13.Kf2 Qe7d6
14.Qd1e1 Bc8e6
15.Qe1e5 Qd6xe5
16.Nf3xe5 Ng3f5
17.Bg2xb7 Ra8b8
18.Bb7c6 Ke7
19.Bc6e4 Rb8b6
20.Bc1a3 Kf6
21.Ne5g4 Kg5
22.Be4xf5 Be6xf5
23.Ng4e3 Kf4
24.Ne3d5 Ke5
25.Nd5xb6 cxb6
26.Rg1xg7 Kf6
27.Rg7g3 h5
28.h4 Rh8e8
29.Ra1e1 Re8c8
30.Re1c1 Rc8e8
31.Rc1e1 Re8c8
32.Ba3e7 
1-0

[Event "Match"]
[Site "www.echecsemail.com"]
[Date "2018.10.19"]
[Round "1"]
[White "Ditto"]
[Black "Gilliere"]
[WhiteElo "1880"]
[BlackElo "1980"]
[Result "1/2-1/2"]
[Round "1"]
1.e4 c5
2.Nb1c3 Nb8c6
3.Ng1f3 e6
4.Bf1b5 Ng8e7
5.d3 g6
6.Bc1g5 Bf8g7
7.Qd1d2 O-O
8.O-O-O h6
9.Bg5xh6 Bg7xh6
10.Qd2xh6 f6
11.Bb5c4 Rf8f7
12.Rh1g1 Rf7h7
13.Qh6f4 Kg7
14.h4 Qd8h8
15.g3 e5
16.Qf4e3 Nc6d4
17.Nc3d5 Ne7xd5
18.Bc4xd5 Nd4xf3
19.Qe3xf3 d6
20.Qf3e3 Ra8b8
21.Rg1f1 Bc8g4
22.f3 Bg4d7
23.f4 exf4
24.Qe3xf4 Qh8f8
25.Rf1h1 b6
26.g4 Rb8e8
27.Rd1f1 Re8e5
28.g5 f5
29.Qf4f3 a5
30.c3 b5
31.Qf3g3 Rh7h5
32.Qg3f2 a4
{ draw }
1/2-1/2

[Event "Tourn. n9930"]
[Site "www.echecsemail.com"]
[Date "2018.10.19"]
[Round "1"]
[White "Gilliere"]
[Black "Madz123456"]
[WhiteElo "2020"]
[BlackElo "1850"]
[Result "1-0"]
[Round "1"]
1.d4 e6
2.c4 Ng8f6
3.Nb1c3 d5
4.e3 c5
5.cxd5 exd5
6.Bf1b5 Nb8c6
7.Ng1f3 cxd4
8.Nf3xd4 Bc8d7
9.Nd4xc6 bxc6
10.Bb5a4 Bf8d6
11.h3 O-O
12.O-O Rf8e8
13.Nc3e2 Ra8b8
14.Ne2d4 c5
15.Ba4xd7 Qd8xd7
16.Nd4f3 Bd6c7
17.b3 Nf6e4
18.Bc1b2 Re8e6
19.Ra1b1 Re6g6
20.Kh1 Qd7f5
21.Qd1e2  { time }
1-0

[Event "Match"]
[Site "www.echecsemail.com"]
[Date "2018.10.19"]
[Round "1"]
[White "Calponas"]
[Black "Jovaras"]
[WhiteElo "2080"]
[BlackElo "2170"]
[Result "0-1"]
[Round "1"]
1.e4 c5
2.b4 cxb4
3.a3 e5
4.axb4 Bf8xb4
5.Ng1f3 Ng8f6
6.c3 Bb4e7
7.Qd1c2 d6
8.Bf1c4 O-O
9.O-O Nb8c6
10.h3 Bc8e6
11.Bc4xe6 fxe6
12.d4 exd4
13.cxd4 Ra8c8
14.Qc2e2 a6
15.Bc1b2 a5
16.Nb1d2 b5
17.Rf1c1 Qd8b6
18.d5 exd5
19.exd5 Nf6xd5
20.Nd2b3 a4
21.Nb3d2 Rf8e8
22.Qe2d3 Nd5f4
23.Qd3c3 Nf4e2
{ resign }
0-1

[Event "1/32 Finale"]
[Site "www.chess-mail.com"]
[Date "2018.10.19"]
[Round "1"]
[White "Cvilhena1976"]
[Black "Madz123456"]
[WhiteElo "2160"]
[BlackElo "1690"]
[Result "1-0"]
[Round "1"]
1.e4 c5
2.Ng1f3 d6
3.d4 cxd4
4.Nf3xd4 Ng8f6
5.Nb1c3 g6
6.Bf1e2 Bf8g7
7.O-O O-O
8.Bc1e3 Nb8c6
9.Nd4xc6 bxc6
10.Qd1d2 Qd8c7
11.Be3h6 e5
12.Bh6xg7 Kxg7
13.f4 h6
14.Rf1f2 Bc8e6
15.Ra1f1 exf4
16.Rf2xf4 Nf6d7
17.Kh1 Ra8d8
18.Nc3d1 Nd7e5
19.Nd1e3 f6
20.c4 a5
21.b3 h5
22.Rf4f2 Qc7b6
23.Be2f3 a4
24.Bf3d1 Qb6b7
25.Bd1c2 axb3
26.axb3 c5
27.Ne3d1  { time }
1-0

[Event "Tourn. n9953"]
[Site "www.echecsemail.com"]
[Date "2018.10.20"]
[Round "1"]
[White "Orhany24"]
[Black "Andychesston"]
[WhiteElo "2050"]
[BlackElo "2040"]
[Result "1-0"]
[Round "1"]
1.e4 e5
2.Ng1f3 Nb8c6
3.Bf1c4 Bf8e7
4.O-O d6
5.h3 Ng8f6
6.Rf1e1 O-O
7.c3 Kh8
8.d4 Nc6a5
9.Bc4d3 b6
10.d5 Nf6g8
11.b4 Na5b7
12.a4 f5
13.exf5 Bc8xf5
14.c4 Rf8f6
15.Bc1g5 Rf6g6
16.Bg5xe7 Ng8xe7
17.Kh2 Qd8d7
18.Bd3xf5 Ne7xf5
19.Nb1c3 c6
20.Qd1d3 Ra8f8
21.Nc3e4 Rg6h6
22.Ne4g3 Nf5h4
23.Nf3xh4 Rf8xf2
24.Nh4f5 Rh6g6
25.Qd3e3 Rf2xg2
26.Kxg2 Kg8
27.Re1f1 cxd5
28.cxd5 Qd7f7
29.Ra1d1 a5
30.Nf5xd6 Qf7c7
31.Nd6xb7 Qc7xb7
32.b5 Qb7e7
33.d6 Qe7b7
34.Kh2 e4
35.d7 { resign }
1-0

[Event "Tourn. n9917"]
[Site "www.echecsemail.com"]
[Date "2018.10.20"]
[Round "1"]
[White "Coolant"]
[Black "Tartan"]
[WhiteElo "2350"]
[BlackElo "2580"]
[Result "0-1"]
[Round "1"]
1.Ng1f3 Ng8f6
2.c4 g6
3.Nb1c3 Bf8g7
4.e4 d6
5.d4 O-O
6.h3 e5
7.d5 Nf6h5
8.Bf1d3 Nh5f4
9.Bc1xf4 exf4
10.O-O Nb8d7
11.Qd1d2 Nd7e5
12.Nf3xe5 Bg7xe5
13.f3 Be5d4
14.Kh2 Bd4e3
15.Qd2e1 Qd8f6
16.Nc3d1 Be3d4
17.Ra1b1 c5
18.b4 b6
19.bxc5 bxc5
20.Nd1f2 Qf6h4
21.Nf2g4 Qh4xe1
22.Rb1xe1 Ra8b8
23.Re1e2 h5
24.Ng4f2 Bc8a6
25.Rf1c1 Rb8b4
26.g3 fxg3
27.Kxg3 Rf8b8
28.f4 Rb4a4
29.Kf3 Ra4a3
30.Re2d2 Rb8b2
31.Rd2xb2 Bd4xb2
32.Rc1b1 Bb2d4
33.Rb1b3 Ra3xa2
34.Nf2d1 Ra2h2
35.Kg3 Rh2d2
{ resign }
0-1

[Event "Tourn. n9916"]
[Site "www.echecsemail.com"]
[Date "2018.10.20"]
[Round "1"]
[White "Madz123456"]
[Black "Iko"]
[WhiteElo "1750"]
[BlackElo "1670"]
[Result "0-1"]
[Round "1"]
1.e4 e5
2.Ng1f3 d6
3.d4 Nb8c6
4.d5 Nc6b4
5.a3 Bc8g4
6.axb4 Bf8e7
7.h3 Bg4d7
8.c4 Ng8f6
9.Bf1d3 c5
10.bxc5 dxc5
11.Nf3xe5 O-O
12.Nb1c3 Qd8b6
13.O-O Rf8e8
14.Ne5xd7 Nf6xd7
15.f4 Ra8d8
16.e5 Qb6b4
17.d6 Be7h4
18.Nc3d5 Nd7xe5
19.fxe5 Re8xe5
20.Nd5xb4 Rd8xd6
21.Bd3xh7 Kxh7
22.Qd1xd6 f6
23.Ra1xa7 Re5e2
24.Qd6d3 Kh8
25.Ra7a8 Re2e8
 { time }
0-1

[Event "Tourn. n9958"]
[Site "www.echecsemail.com"]
[Date "2018.10.20"]
[Round "1"]
[White "Apdash"]
[Black "Mitja"]
[WhiteElo "2270"]
[BlackElo "2010"]
[Result "1-0"]
[Round "1"]
1.e4 d5
2.exd5 Qd8xd5
3.Nb1c3 Qd5d8
4.d3 e6
5.Bf1e2 c6
6.Ng1f3 h6
7.Bc1e3 Ng8f6
8.O-O Bf8d6
9.Qd1d2 Nf6g4
10.Be3f4 Bd6xf4
11.Qd2xf4 Ng4f6
12.Nc3e4 Nf6xe4
13.dxe4 O-O
14.Ra1d1 Qd8e7
15.e5 b6
16.Rd1d6 Bc8b7
17.Be2c4 Nb8d7
18.Rf1d1 Ra8d8
19.b4 c5
20.bxc5 Nd7xc5
21.Nf3d2 Rd8xd6
22.exd6 Qe7d7
23.Nd2b3 Nc5xb3
24.axb3 Rf8d8
25.h4 a6
26.Bc4d3 Qd7c6
27.Qf4g3 Kh8
28.Bd3f1 b5
29.c4 bxc4
30.bxc4 a5
31.Bf1e2 Bb7a8
32.Rd1d4 a4
33.Rd4g4 Rd8g8
34.Be2f3 Qc6a6
35.Bf3xa8 Qa6xa8
36.Qg3a3 Qa8c6
37.c5 Rg8c8
38.Rg4xa4 Qc6xc5
39.Qa3xc5 Rc8xc5
40.d7 { resign }
1-0

[Event "Match"]
[Site "www.echecsemail.com"]
[Date "2018.10.20"]
[Round "1"]
[White "Bojan"]
[Black "Mitja"]
[WhiteElo "1990"]
[BlackElo "1940"]
[Result "1-0"]
[Round "1"]
1.e4 d5
2.exd5 Qd8xd5
3.c4 Qd5d8
4.d4 e6
5.a3 c6
6.b4 b6
7.Bc1e3 Bc8b7
8.f3 h6
9.Nb1c3 Ng8f6
10.Bf1d3 Bf8e7
11.Ng1e2 O-O
12.Ne2g3 c5
13.dxc5 bxc5
14.b5 a6
15.a4 axb5
16.axb5 Ra8xa1
17.Qd1xa1 Nb8d7
18.Kf2 Qd8c7
19.Ng3e4 Nf6xe4
20.Nc3xe4 Nd7f6
21.Ne4c3 Rf8a8
22.Qa1b2 Be7d6
23.g3 Nf6g4
24.Ke2 Ng4xe3
25.Kxe3 Qc7a5
26.Qb2c2 Bd6e5
27.Nc3e4 Be5d4
28.Ke2 Qa5a2
29.Rh1b1 Qa2a7
30.Ne4d6 Qa7b6
31.Nd6xb7 f5
32.Nb7xc5 Bd4xc5
33.Kf1 Bc5d4
34.Kg2 e5
35.Bd3xf5 Ra8a1
36.Rb1xa1 Bd4xa1
37.Qc2e4 Ba1d4
38.f4 exf4
39.Qe4e8 { resign }
1-0

[Event "Match"]
[Site "www.echecsemail.com"]
[Date "2018.10.20"]
[Round "1"]
[White "Fangshuo"]
[Black "Apdash"]
[WhiteElo "2040"]
[BlackElo "2210"]
[Result "0-1"]
[Round "1"]
1.e4 c5
2.Ng1f3 d6
3.Nb1c3 Nb8c6
4.d4 cxd4
5.Nf3xd4 a6
6.Bc1g5 Qd8b6
7.Nd4xc6 bxc6
8.b3 g6
9.Bf1d3 Bf8g7
10.Qd1d2 Qb6b4
11.Nc3d5 Qb4xd2
12.Kxd2 cxd5
13.Ra1e1 d4
14.f4 e5
15.fxe5 dxe5
16.Rh1f1 Bg7h6
17.Bg5xh6 Ng8xh6
18.Bd3c4 O-O
19.h3 a5
20.Rf1f6 Kg7
21.Re1f1 a4
22.g4 axb3
23.axb3 Ra8a7
24.g5 Nh6g8
25.Rf6b6 Bc8xh3
 { time }
0-1

[Event "Tourn. n9970"]
[Site "www.echecsemail.com"]
[Date "2018.10.20"]
[Round "1"]
[White "Fantomas"]
[Black "Gandalf50"]
[WhiteElo "2120"]
[BlackElo "2170"]
[Result "1-0"]
[Round "1"]
1.e4 c5
2.Ng1f3 d6
3.Bf1c4 e6
4.Nb1c3 Ng8f6
5.O-O Nb8c6
6.d4 cxd4
7.Nf3xd4 Bf8e7
8.h3 Bc8d7
9.a3 O-O
10.Nd4f3 a6
11.Bc4d3 b5
12.Nc3e2 Qd8c7
13.Bc1e3 Rf8c8
14.c3 Nc6e5
15.Nf3xe5 dxe5
16.Ne2g3 Be7c5
17.Be3g5 Bd7c6
18.Bg5xf6 gxf6
19.Ng3h5 Kh8
20.Nh5xf6 Bc5e7
21.Nf6h5 Rc8g8
22.Qd1e2 Rg8g5
23.g4 Ra8g8
24.Kh2 Qc7b7
25.f3 Rg5g6
26.Ra1d1 Be7g5
27.Bd3c2 Bg5f4
28.Kg2 f5
29.Nh5xf4 exf4
30.exf5 exf5
31.Bc2xf5 Rg6g7
32.Qe2e5 Rg8e8
33.Qe5xf4 Re8e2
34.Rf1f2 Re2xf2
35.Kxf2 { resign }
1-0

[Event "Match"]
[Site "www.echecsemail.com"]
[Date "2018.10.20"]
[Round "1"]
[White "Apdash"]
[Black "Minorsana"]
[WhiteElo "2160"]
[BlackElo "2210"]
[Result "1-0"]
[Round "1"]
1.d4 f5
2.Ng1f3 Ng8f6
3.Bc1g5 e6
4.e3 Bf8e7
5.Bg5xf6 Be7xf6
6.Bf1c4 O-O
7.O-O c5
8.c3 d5
9.Bc4b5 a6
10.Bb5e2 Nb8c6
11.dxc5 Qd8e7
12.Nb1d2 Qe7xc5
13.Nd2b3 Qc5e7
14.Nb3d4 g5
15.b4 Qe7d6
16.b5 axb5
17.Nd4xb5 Qd6e7
18.Nf3d4 e5
19.Nd4b3 Rf8d8
20.Qd1c2 g4
21.a4 Kh8
22.Rf1d1 Bf6g7
23.f3 gxf3
24.gxf3  { time }
1-0

[Event "Match"]
[Site "www.echecsemail.com"]
[Date "2018.10.20"]
[Round "1"]
[White "Apdash"]
[Black "Numanoid"]
[WhiteElo "2210"]
[BlackElo "2600"]
[Result "0-1"]
[Round "1"]
1.e4 e6
2.d4 d5
3.exd5 exd5
4.c4 Ng8f6
5.Ng1f3 Bf8b4
6.Bc1d2 Bb4xd2
7.Nb1xd2 O-O
8.Bf1e2 Nb8c6
9.cxd5 Qd8xd5
10.Nd2b3 Bc8g4
11.O-O Ra8d8
12.h3 Bg4h5
13.Ra1c1 Rf8e8
14.g4 Bh5g6
15.Nf3h4 Nc6xd4
16.Nb3xd4 Qd5xd4
17.Qd1xd4 Rd8xd4
18.Rc1xc7 Re8xe2
19.Rc7xb7 a5
20.g5 Rd4xh4
21.gxf6 gxf6
22.Kh2 Rh4b4
{ resign }
0-1

[Event "Match"]
[Site "www.echecsemail.com"]
[Date "2018.10.20"]
[Round "1"]
[White "Deneb"]
[Black "Stevep84"]
[WhiteElo "2260"]
[BlackElo "2270"]
[Result "0-1"]
[Round "1"]
1.e4 c6
2.d4 d5
3.e5 Bc8f5
4.Ng1f3 e6
5.Bf1e2 Ng8e7
6.O-O h6
7.Nb1d2 Nb8d7
8.Nd2b3 Bf5h7
9.Bc1d2 Qd8c7
10.a4 g5
 { time }
0-1

[Event "Tourn. n9957"]
[Site "www.echecsemail.com"]
[Date "2018.10.20"]
[Round "1"]
[White "Louis"]
[Black "Bojan"]
[WhiteElo "2040"]
[BlackElo "1940"]
[Result "0-1"]
[Round "1"]
1.c4 g6
2.d4 d5
3.cxd5 Qd8xd5
4.Nb1c3 Qd5f5
5.e4 Qf5a5
6.Bc1d2 Qa5b4
7.Nc3d5 Qb4d6
8.Ng1f3 Bf8g7
9.Bd2f4 Qd6d7
10.Nd5xc7 Kf8
11.Nc7xa8 Ng8f6
12.Bf4xb8 Nf6xe4
13.Bb8xa7 b5
14.Qd1c2 f5
15.Ba7c5 Bc8b7
16.Na8b6 Qd7c6
17.Bf1d3 Qc6e6
18.Qc2e2 Bg7f6
19.b3 Kg7
20.O-O Qe6c6
21.Rf1d1 Ne4c3
22.Qe2c2 Nc3xd1
23.Nf3e5 Qc6xg2
{ resign }
0-1

[Event "Tourn. n9924"]
[Site "www.echecsemail.com"]
[Date "2018.10.20"]
[Round "1"]
[White "Louis"]
[Black "Tarasch"]
[WhiteElo "2030"]
[BlackElo "2160"]
[Result "0-1"]
[Round "1"]
1.d4 Ng8f6
2.Ng1f3 d5
3.Bc1f4 Bc8f5
4.e3 e6
5.c4 Bf8d6
6.Bf4xd6 cxd6
7.cxd5 Nf6xd5
8.Nb1d2 Bf5g6
9.Bf1c4 Nd5b6
10.Bc4b5 Nb8d7
11.O-O O-O
12.Rf1e1 a6
13.Bb5e2 Ra8c8
14.Qd1b3 Rc8c2
15.Ra1c1 Qd8c7
16.Rc1xc2 Qc7xc2
17.Qb3xc2 Bg6xc2
18.b3 Rf8c8
19.Re1c1 h6
20.Nf3e1 Bc2g6
21.Rc1xc8 Nb6xc8
22.f3 Nc8e7
23.Ne1d3 Ne7d5
24.Nd2c4 Nd5c3
25.Kf2 d5
26.Nc4e5 Bg6xd3
27.Be2xd3 Nd7xe5
28.dxe5 Nc3xa2
29.f4 Na2b4
30.Bd3f1 Kf8
31.Bf1e2 Ke7
{ resign }
0-1

[Event "Tourn. n9970"]
[Site "www.echecsemail.com"]
[Date "2018.10.21"]
[Round "1"]
[White "Gandalf50"]
[Black "Lucaschess"]
[WhiteElo "2170"]
[BlackElo "2010"]
[Result "1-0"]
[Round "1"]
1.c4 e6
2.Nb1c3 d5
3.cxd5 exd5
4.d4 Ng8f6
5.Bc1g5 Bf8e7
6.e3 h6
7.Bg5h4 O-O
8.Bf1d3  { time }
1-0

[Event "Match"]
[Site "www.echecsemail.com"]
[Date "2018.10.21"]
[Round "1"]
[White "Zack1984"]
[Black "Pinehill"]
[WhiteElo "1370"]
[BlackElo "2100"]
[Result "1-0"]
[Round "1"]
1.b4 Ng8f6
2.Bc1b2 g6
3.Ng1f3 Bf8g7
4.e3 O-O
5.d4 d6
6.c4 c5
7.bxc5 dxc5
8.Nb1d2 b6
9.Bf1e2 Bc8b7
10.dxc5 bxc5
11.Ra1b1 Nb8d7
12.Bb2xf6 Nd7xf6
13.Rb1xb7 Qd8a5
14.Qd1c2 e6
15.O-O Rf8d8
16.Nd2b3 Qa5a4
17.Nf3e5 Nf6d7
18.Ne5xf7 Kxf7
19.Qc2e4 Qa4xa2
20.Nb3xc5 Qa2xe2
21.Qe4xe6 { resign }
1-0

[Event "Tourn. n9958"]
[Site "www.echecsemail.com"]
[Date "2018.10.21"]
[Round "1"]
[White "Coolant"]
[Black "Apdash"]
[WhiteElo "2290"]
[BlackElo "2210"]
[Result "1-0"]
[Round "1"]
1.e4 c5
2.d4 cxd4
3.Ng1f3 Nb8c6
4.Nf3xd4 d6
5.c4 Ng8f6
6.Nb1c3 a6
7.Bf1e2 g6
8.Bc1e3 Bf8g7
9.f3 O-O
10.Qd1d2 Nc6xd4
11.Be3xd4 Bc8d7
12.O-O-O Qd8a5
13.Kb1 b5
14.Nc3d5 Qa5xd2
15.Nd5xe7 Kh8
16.Rd1xd2 bxc4
17.Be2xc4 Nf6e8
18.Bd4xg7 Kxg7
19.e5 Bd7b5
20.Bc4xb5 axb5
21.exd6 Ra8d8
22.Rh1d1 Kf6
23.d7 Kxe7
24.dxe8Q Rd8xe8
25.Rd1e1 Kf6
26.Re1xe8 Rf8xe8
27.Kc2 Re8e5
28.Kb3 Ke6
29.Kb4 f5
30.Rd2c2 Kd6
31.g3 Re5d5
32.f4 h6
33.h4 Rd5d3
34.Rc2c3 Rd3d2
35.Rc3b3 Kc6
36.Ka5 Rd2d5
37.Ka6 Rd5c5
38.Rb3c3 b4
39.Rc3xc5 Kxc5
40.Ka5 Kc4
41.Ka4 h5
42.b3 Kc5
43.Ka5 Kd4
44.Kxb4 Ke3
45.a4 Kf3
46.a5 Kxg3
47.a6 Kxf4
48.a7 { resign }
1-0

[Event "Tourn. n9970"]
[Site "www.echecsemail.com"]
[Date "2018.10.21"]
[Round "1"]
[White "Apdash"]
[Black "Gandalf50"]
[WhiteElo "2240"]
[BlackElo "2170"]
[Result "1-0"]
[Round "1"]
1.e4 c5
2.Ng1f3 d6
3.d4 cxd4
4.Nf3xd4 Ng8f6
5.Nb1c3 a6
6.Bc1e3 Nf6g4
7.Qd1f3 Ng4xe3
8.Qf3xe3 Nb8c6
9.Nd4xc6 bxc6
10.Bf1c4 e6
11.O-O Bf8e7
12.Ra1d1 Qd8c7
13.Qe3g3 O-O
14.Bc4b3 c5
15.a3 Bc8b7
16.f4 c4
17.Bb3a2 Qc7b6
18.Kh1 Rf8c8
19.f5 Kh8
20.fxe6 fxe6
21.b4 cxb3
22.Ba2xb3 Be7f6
23.Nc3a4 Qb6a5
24.Qg3xd6 Rc8d8
25.Qd6xe6 Rd8xd1
26.Rf1xd1 Ra8d8
27.Rd1xd8 Qa5xd8
28.Bb3d5 Bb7c8
29.Qe6f7 h6
30.g3 Bc8h3
31.Qf7h5 Bh3d7
32.Na4c5 Bd7c8
33.Nc5d3 Bf6d4
34.Nd3f4 { resign }
1-0

[Event "Tourn. n9915"]
[Site "www.echecsemail.com"]
[Date "2018.10.21"]
[Round "1"]
[White "Passaroa25"]
[Black "Madz123456"]
[WhiteElo "1650"]
[BlackElo "1690"]
[Result "1-0"]
[Round "1"]
1.Nb1c3 d5
2.e3 e5
3.Ng1f3 e4
4.Nf3d4 Ng8f6
5.h3 c5
6.Nd4b3 Bc8e6
7.Bf1e2 Nb8c6
8.d4 c4
9.Nb3c5 Bf8xc5
10.dxc5 Qd8a5
11.b4 Qa5xb4
12.Bc1d2 Qb4xc5
13.O-O b5
14.Qd1b1 b4
15.Nc3a4 Qc5a5
16.Na4b2 c3
17.Nb2c4 dxc4
18.Bd2c1 Qa5g5
19.g4 h5
20.f4 Qg5h4
21.Kg2 hxg4
22.Be2xg4 Nf6xg4
23.Rf1h1  { time }
1-0

[Event "Match"]
[Site "www.echecsemail.com"]
[Date "2018.10.21"]
[Round "1"]
[White "Pinehill"]
[Black "Ermejo69"]
[WhiteElo "2100"]
[BlackElo "2200"]
[Result "0-1"]
[Round "1"]
1.Ng1f3 Ng8f6
2.g3 g6
3.Bf1g2 Bf8g7
4.d4 O-O
5.O-O d6
6.c4 c5
7.e3 Nb8c6
8.Nb1c3 Bc8g4
9.Rf1e1 Nf6d7
10.d5 Nc6e5
11.b3 Ne5xf3
12.Bg2xf3 Bg4xf3
13.Qd1xf3 Bg7xc3
14.Bc1a3 Bc3xa1
15.Re1xa1 Qd8a5
16.Ba3b2 b5
17.e4 bxc4
18.bxc4 Qa5b4
19.Qf3e2 Ra8b8
20.Ra1b1 Nd7e5
{ resign }
0-1

[Event "Tourn. n9935"]
[Site "www.echecsemail.com"]
[Date "2018.10.21"]
[Round "1"]
[White "Alcon"]
[Black "Picifarkinca"]
[WhiteElo "1569"]
[BlackElo "1480"]
[Result "0-1"]
[Round "1"]
1.e4 e6
2.Ng1f3 d5
3.Nb1c3 d4
4.Nc3e2 c5
5.c3 Nb8c6
6.cxd4 cxd4
7.Qd1a4 Bc8d7
8.Ne2xd4 Bf8c5
9.Nd4xc6 Bd7xc6
10.Bf1b5 Bc5xf2
11.Kxf2 Qd8b6
12.Qa4d4 Bc6xb5
13.Qd4xb6 axb6
14.d4 Ng8f6
15.Rh1e1 O-O
16.Bc1g5 Bb5c6
17.Bg5xf6 gxf6
18.a3 Rf8d8
19.Ra1d1 { time. }
0-1

[Event "Tourn. n9956"]
[Site "www.echecsemail.com"]
[Date "2018.10.21"]
[Round "1"]
[White "Mitja"]
[Black "Malbertan"]
[WhiteElo "1960"]
[BlackElo "1970"]
[Result "1/2-1/2"]
[Round "1"]
1.d4 Ng8f6
2.e3 e6
3.c3 c5
4.dxc5 Bf8xc5
5.Ng1f3 O-O
6.Bf1e2 d5
7.Nb1d2 Nb8c6
8.b3 e5
9.Bc1b2 Qd8e7
10.O-O Bc5a3
11.Qd1c2 Ba3xb2
12.Qc2xb2 e4
13.Nf3d4 Nc6e5
14.h3 Nf6d7
15.Rf1d1 Nd7c5
16.Nd2f1 Nc5d3
17.Be2xd3 Ne5xd3
18.Qb2d2 Qe7g5
19.Nf1g3 h5
20.Kh1 h4
21.Ng3f1 Nd3e5
22.Nd4e2 Ne5f3
23.Qd2c2 Bc8e6
24.c4 dxc4
25.bxc4 Nf3e5
26.Ne2f4 Be6xc4
27.Qc2xe4 Ra8e8
28.Qe4xb7 Ne5g6
29.Qb7c7 Bc4xf1
30.Rd1xf1 Re8e7
31.Qc7d6 Re7e5
32.Qd6d4 Rf8d8
33.Qd4c4 Re5c5
34.Qc4b4 Rc5b5
35.Qb4c4 Rb5c5
36.Qc4b4 Rc5b5
37.Qb4c4 { draw }
1/2-1/2

[Event "Match"]
[Site "www.echecsemail.com"]
[Date "2018.10.21"]
[Round "1"]
[White "Jaguar91"]
[Black "Deneb"]
[WhiteElo "2120"]
[BlackElo "2240"]
[Result "1-0"]
[Round "1"]
1.e4 e5
2.f4 exf4
3.Ng1f3 g5
4.Bf1c4 Nb8c6
5.d4 Bf8g7
6.Nb1c3 d6
7.h4 h6
8.Qd1d3 g4
9.Nf3g1 f3
10.gxf3 Bg7xd4
11.Bc1e3 Nc6b4
12.Qd3d2 Bd4xe3
13.Qd2e2 Be3xg1
14.Rh1xg1 Qd8xh4
15.Kd2  { time }
1-0

[Event "Match"]
[Site "www.echecsemail.com"]
[Date "2018.10.21"]
[Round "1"]
[White "Witpar"]
[Black "Alekpax"]
[WhiteElo "2680"]
[BlackElo "2400"]
[Result "1-0"]
[Round "1"]
1.d4 Ng8f6
2.c4 e6
3.Ng1f3 b6
4.g3 Bc8b7
5.Bf1g2 Bf8e7
6.O-O O-O
7.Rf1e1 d5
8.cxd5 exd5
9.Nb1c3 Nb8d7
10.Bc1f4 c5
11.dxc5 Nd7xc5
12.Ra1c1 Nf6e4
13.Nf3d4 Be7f6
14.Bg2h3 Rf8e8
15.Nc3b5 Re8e7
16.Nd4f5 Bf6xb2
17.Nf5xe7 Qd8xe7
18.Rc1c2 Bb2f6
19.Nb5d4 Ra8e8
20.e3 Qe7d8
21.f3 Ne4g5
22.Bf4xg5 Bf6xg5
23.f4 Bg5e7
24.Bh3g2 Be7f8
25.Bg2f1 g6
26.Qd1c1 h5
27.a4 h4
28.a5 Bf8g7
29.Rc2b2 Bb7c8
30.axb6 axb6
31.Qc1d1 hxg3
32.hxg3  { time }
1-0

[Event "Match"]
[Site "www.echecsemail.com"]
[Date "2018.10.21"]
[Round "1"]
[White "Chapi"]
[Black "Pinehill"]
[WhiteElo "2080"]
[BlackElo "2100"]
[Result "0-1"]
[Round "1"]
1.d4 Ng8f6
2.c4 e6
3.Nb1c3 Bf8b4
4.Bc1d2 O-O
5.Ng1f3 c5
6.a3 cxd4
7.Nf3xd4 Bb4xc3
8.Bd2xc3 d5
9.e3 Nb8c6
10.Bf1d3 e5
11.Nd4c2 Rf8e8
12.O-O d4
13.Bc3d2 e4
14.Nc2b4 exd3
15.Nb4xd3 Nf6e4
16.exd4 Qd8xd4
17.Bd2e3 Qd4xc4
18.Nd3f4 Bc8f5
19.Ra1c1 Qc4b5
20.Nf4d5 Ra8c8
21.Be3xa7 Nc6xa7
22.Nd5c7 Rc8xc7
23.Rc1xc7 Qb5xb2
24.Qd1d5 Bf5g6
25.Rc7e7 Re8c8
26.Re7xe4 Bg6xe4
27.Qd5xe4 Na7c6
28.Rf1e1 Qb2xa3
29.h3 h6
30.Re1e3 Qa3a1
31.Re3e1 Qa1d4
32.Qe4f5 Rc8d8
33.Qf5b1 Qd4d2
34.Qb1e4 Qd2d7
35.Re1b1 Qd7d4
36.Qe4xd4 Nc6xd4
37.Rb1d1 Nd4f3
{ resign }
0-1

[Event "Match"]
[Site "www.echecsemail.com"]
[Date "2018.10.21"]
[Round "1"]
[White "Apdash"]
[Black "Deneb"]
[WhiteElo "2130"]
[BlackElo "2170"]
[Result "1-0"]
[Round "1"]
1.e4 Ng8f6
2.e5 Nf6d5
3.c4 Nd5b6
4.d4 d6
5.Nb1c3 dxe5
6.dxe5 Qd8xd1
7.Nc3xd1 Nb8c6
8.f4 Bc8f5
9.c5 Nb6d7
10.Bc1e3 g5
11.g3 gxf4
12.gxf4 Bf5e4
13.Nd1f2 Be4xh1
14.Nf2xh1 Nc6b4
15.Kd2 Bf8h6
16.Ng1f3 O-O-O
17.Bf1h3 e6
18.Ke2 Nb4d5
19.c6 bxc6
20.Ra1c1 Bh6xf4
21.Rc1xc6 Bf4xe3
22.Nh1g3 Be3c5
23.Ng3e4 Nd5f4
24.Kf1 Nf4xh3
25.Ne4xc5 Nd7b8
26.Nc5xe6  { time }
1-0

[Event "Match"]
[Site "www.echecsemail.com"]
[Date "2018.10.21"]
[Round "1"]
[White "Minorsana"]
[Black "Storzman"]
[WhiteElo "1459"]
[BlackElo "1950"]
[Result "0-1"]
[Round "1"]
1.e4 e6
2.d4 d5
3.Nb1c3 Bf8b4
4.e5 c5
5.a3 Bb4xc3
6.bxc3 Ng8e7
7.Qd1g4 Qd8c7
8.Qg4xg7 Rh8g8
9.Qg7xh7 cxd4
10.Ng1e2 dxc3
11.f4 Bc8d7
12.Qh7d3 Bd7a4
13.Ne2xc3 Ba4c6
14.Nc3e2 Nb8d7
15.Qd3c3 Ne7f5
16.g3 Ra8c8
17.Ne2d4 Bc6a4
18.Qc3xc7 Rc8xc7
19.Nd4xf5 exf5
20.Bc1e3 b6
21.Bf1d3 Ke7
22.Ra1c1 Ba4c6
23.Be3d4 Ke6
24.h4 Rg8xg3
25.h5 Nd7f8
26.h6 Bc6d7
27.Kf2 Rg3g4
28.h7 Nf8xh7
29.Rh1xh7 Rg4xf4
30.Ke3 Rf4g4
31.Rc1f1 Rg4g3
 { time }
0-1

[Event "Tourn. n9905"]
[Site "www.echecsemail.com"]
[Date "2018.10.21"]
[Round "1"]
[White "Cathar"]
[Black "Tartan"]
[WhiteElo "2420"]
[BlackElo "2580"]
[Result "0-1"]
[Round "1"]
1.d4 Ng8f6
2.c4 e6
3.Nb1c3 Bf8b4
4.a3 Bb4xc3
5.bxc3 c5
6.e3 Nb8c6
7.Bf1d3 d6
8.Ng1e2 e5
9.O-O O-O
10.Ne2g3 Rf8e8
11.d5 e4
12.Ng3xe4 Nc6e5
13.Ne4xf6 Qd8xf6
14.Bd3e2 Qf6g6
15.Kh1 Bc8f5
16.f3 Bf5c2
17.Qd1d2 Bc2b3
18.e4 Bb3xc4
19.a4 Bc4xe2
20.Qd2xe2 f5
21.exf5 Qg6xf5
22.c4 Ne5c6
23.Qe2a2 Qf5d3
24.Bc1f4 Nc6e5
25.Bf4xe5 Re8xe5
26.Ra1d1 Re5e2
27.Qa2b1 Qd3xb1
28.Rd1xb1 b6
29.a5 bxa5
30.Rb1a1 Re2c2
31.Ra1a4 Ra8e8
{ resign }
0-1

[Event "1/64 Finale"]
[Site "www.chess-mail.com"]
[Date "2018.10.21"]
[Round "1"]
[White "J1j6"]
[Black "Rav"]
[WhiteElo "2000"]
[BlackElo "1719"]
[Result "1-0"]
[Round "1"]
1.Ng1f3 d5
2.d4 Ng8f6
3.Bc1f4 Bc8f5
4.Nb1c3 e6
5.Nc3b5 Nb8a6
6.c4 c6
7.Nb5c3  { time }
1-0